01887nam a22002177a 4500008004100000020001800041040000800059041000800067050002600075100002700101245008200128260004800210300004100258520123000299650000901529650001801538650002101556650003601577655002701613700002901640251013b |||||||| |||| 00| 0 eng d a9780316365550 ctbs aeng aBJ1499.R4 bH475 2024 aHersey, Triciaeauthor aWe will rest!b: the art of escapec/ Tricia Hersey ; art by George McCalman. aNew York, NY :bLittle, Brown Spark,c2024. a151 pages :billustrations ;c19 cm. aEscape from grind culture and dehumanizing systems with this visionary guide from the author of the New York Times bestseller Rest Is Resistance. We don't believe we are worthy of rest unless we burn ourselves out to accomplish it. Our thinking has been limited by disconnection, sleep deprivation, and the unattainable call for perfection. The systems will never give us rest. It is something we must create for ourselves and each other. Just as the North Star guided the enslaved on their journeys to freedom, visionary artist and founder of The Nap Ministry Tricia Hersey leads us to imagine a new world: one in which we subvert the narrative of productivity at all costs and embrace rest as a healing spiritual practice. Inspired by vintage hymnals, prayer books, and abolitionist pamphlets, We Will Rest! is a modern sacred object, medicine for a sick and exhausted world. Weaving together meditations and poetry with storytelling and powerful art, Hersey provokes liberation through refusal and trickster rebellion in the face of capitalism and white supremacy. There is another way. Focus on the escape. Focus on the transformation. We can just be. We are beautiful. We are enough. We are escape artists. We Will Rest! 0aRest 0aMind and body 0aSelf-realization 0aSelf-actualization (Psychology) 0aSelf-help publications aMcCalman, Georgeeartist